[Event "Regionalliga NO 1011"]
[Site "Bayern"]
[Date "2011.04.10"]
[Round "9.8"]
[White "Fischer, Ernst"]
[Black "Redzepovic, Irfan"]
[Result "1/2-1/2"]
[WhiteElo "1923"]
[BlackElo "2066"]
[PlyCount "112"]
[EventDate "2010.10.10"]
[EventType "team-tourn"]
[EventRounds "9"]
[EventCountry "GER"]
[SourceTitle "EXT 2012"]
[Source "ChessBase"]
[SourceDate "2011.11.24"]
[SourceVersion "1"]
[SourceVersionDate "2011.11.24"]
[SourceQuality "1"]
[WhiteTeam "Weiden"]
[BlackTeam "Nuernberg Sued SW"]
[WhiteTeamCountry "GER"]
[BlackTeamCountry "GER"]

1. d4 Nf6 2. Nf3 e6 3. Bg5 d5 4. e3 c5 5. c3 Nc6 6. Bd3 Bd6 7. Nbd2 h6 8. Bh4 0-0 9. 0-0 cxd4 10. exd4 Be7 11. Re1 Nd7 12. Bxe7 Qxe7 13. Qe2 Rd8 14. Bc2 Nf8 15. Ne5 Nxe5 16. Qxe5 b5 17. a3 a5 18. f4 f6 19. Qh5 Qc7 20. Qf3 Bb7 21. Nb3 b4 22. axb4 axb4 23. Nc5 bxc3 24. bxc3 Rxa1 25. Rxa1 Bc8 26. Qe3 Rd6 27. g3 Rc6 28. Bb3 Ng6 29. f5 Ne7 30. fxe6 Qb6 31. c4 Bxe6 32. Ra6 Qxa6 33. Nxa6 Rxa6 34. c5 Kf7 35. Kg2 Ra3 36. Qc3 Nc6 37. Qb2 Ra8 38. Kf2 Rb8 39. Qa2 Rb4 40. Bxd5 Nxd4 41. Bxe6+ Nxe6 42. Qd5 Rd4 43. Qb7+ Ke8 44. c6 Rd6 45. c7 Nxc7 46. Qxc7 Rd7 47. Qc8+ Rd8 48. Qe6+ Kf8 49. h4 Re8 50. Qd6+ Kf7 51. Kf3 Re5 52. Kf4 g5+ 53. hxg5 Rxg5 54. Qd7+ Kg6 55. Qe8+ Kg7 56. Qe7+ Kg6 1/2-1/2

[Event "Oberfranken-ch Seniors 27th"]
[Site "Bischofsgruen"]
[Date "2010.05.05"]
[Round "3"]
[White "Fischer, Ernst"]
[Black "Maczollek, Helmut"]
[Result "1-0"]
[WhiteElo "2107"]
[BlackElo "1652"]
[PlyCount "55"]
[EventDate "2010.05.05"]
[EventType "swiss"]
[EventRounds "9"]
[EventCountry "GER"]
[SourceTitle "EXT 2022"]
[Source "ChessBase"]
[SourceDate "2021.10.06"]
[SourceVersion "1"]
[SourceVersionDate "2021.10.06"]
[SourceQuality "1"]

1. d4 d5 2. Nf3 Nf6 3. e3 e6 4. Bd3 c5 5. c3 Nbd7 6. Nbd2 h6 7. 0-0 Bd6 8. Qe2 0-0 9. e4 dxe4 10. Nxe4 Nxe4 11. Bxe4 Nf6 12. Bc2 b6 13. dxc5 Bxc5 14. Bf4 Bb7 15. Rad1 Qc8 16. Be5 Be7 17. Rfe1 Qc6 18. Qf1 Rad8 19. Nd4 Qc8 20. Qd3 g6 21. Qg3 Kh7 22. Bxf6 Bxf6 23. Nxe6 Rxd1 24. Nxf8+ Qxf8 25. Rxd1 Qe7 26. Qd6 Qe2 27. Qxf6 Qxc2 28. Qxf7+ 1-0

[Event "Oberfranken-ch Seniors 27th"]
[Site "Bischofsgruen"]
[Date "2010.05.05"]
[Round "6"]
[White "Jeske, Eckhard"]
[Black "Fischer, Ernst"]
[Result "1/2-1/2"]
[WhiteElo "2246"]
[BlackElo "2107"]
[PlyCount "98"]
[EventDate "2010.05.05"]
[EventType "swiss"]
[EventRounds "9"]
[EventCountry "GER"]
[SourceTitle "EXT 2022"]
[Source "ChessBase"]
[SourceDate "2021.10.06"]
[SourceVersion "1"]
[SourceVersionDate "2021.10.06"]
[SourceQuality "1"]

1. c4 e6 2. e4 d5 3. cxd5 exd5 4. exd5 Nf6 5. Bb5+ Nbd7 6. Nc3 Be7 7. Nge2 0-0 8. Qb3 Nc5 9. Qc2 Nxd5 10. d4 Ne6 11. a3 c6 12. Bd3 Nf6 13. Be3 Nc7 14. Bf4 Re8 15. Be5 h6 16. 0-0 Bd6 17. Rad1 Qe7 18. f4 Ng4 19. Rf3 Nf6 20. h3 Be6 21. Ng3 Ncd5 22. Nce4 Bc7 23. Re1 Nxe4 24. Bxe4 f6 25. Bxc7 Qxc7 26. Qf2 Rad8 27. Rd1 Ne7 28. Bb1 Bf7 29. Re1 Nd5 30. Rf1 Ne7 31. Re3 Nd5 32. Rf3 Ne7 33. Ne4 Bg6 34. Rg3 Bxe4 35. Bxe4 Qd7 36. Rd3 Nf5 37. Bxf5 Qxf5 38. Re3 Re4 39. Rxe4 Qxe4 40. Rd1 c5 41. g3 f5 42. d5 Rxd5 43. Rxd5 Qxd5 44. Qe2 Kf7 45. h4 a6 46. Kh2 b5 47. Qc2 c4 48. Qf2 Kg8 49. Qe1 Kf7 1/2-1/2

[Event "Bad Griesbach Seniors op 12th"]
[Site "Bad Griesbach"]
[Date "2009.12.05"]
[Round "7"]
[White "Fischer, Ernst"]
[Black "Klein, Reinhard"]
[Result "1-0"]
[WhiteElo "1925"]
[BlackElo "1737"]
[PlyCount "59"]
[EventDate "2009.11.29"]
[EventType "swiss"]
[EventRounds "7"]
[EventCountry "GER"]
[SourceTitle "EXT 2015"]
[Source "ChessBase"]
[SourceDate "2014.11.20"]
[SourceVersion "1"]
[SourceVersionDate "2014.11.20"]
[SourceQuality "1"]

1. e4 c5 2. Nc3 d6 3. g3 Nc6 4. Bg2 g6 5. d3 Bg7 6. Nge2 Nf6 7. Be3 0-0 8. 0-0 Ng4 9. Bd2 Nd4 10. h3 Nxe2+ 11. Nxe2 Ne5 12. f4 Nc6 13. c3 Bd7 14. Be3 Rb8 15. Qd2 Qc8 16. Kh2 e6 17. d4 Ne7 18. Rad1 c4 19. g4 a5 20. Ng3 d5 21. f5 exf5 22. gxf5 Qc6 23. f6 Bxf6 24. exd5 Nxd5 25. Bxd5 Qxd5 26. Rxf6 Be6 27. Bf4 Qd7 28. Be5 Bxh3 29. Qh6 Be6 30. Nh5 1-0

[Event "Bad Griesbach Seniors op 12th"]
[Site "Bad Griesbach"]
[Date "2009.12.04"]
[Round "6"]
[White "Bilyavskyy, Borys"]
[Black "Fischer, Ernst"]
[Result "1/2-1/2"]
[WhiteElo "1823"]
[BlackElo "1925"]
[PlyCount "49"]
[EventDate "2009.11.29"]
[EventType "swiss"]
[EventRounds "7"]
[EventCountry "GER"]
[SourceTitle "EXT 2015"]
[Source "ChessBase"]
[SourceDate "2014.11.20"]
[SourceVersion "1"]
[SourceVersionDate "2014.11.20"]
[SourceQuality "1"]

1. d4 d5 2. c4 e6 3. Nf3 c5 4. cxd5 exd5 5. e3 Nc6 6. Bb5 Qa5+ 7. Nc3 a6 8. Be2 c4 9. 0-0 Nf6 10. Qa4 b5 11. Qxa5 Nxa5 12. Ne5 Bd6 13. f4 0-0 14. g4 Bb7 15. g5 Ne4 16. Nxe4 dxe4 17. Bd2 Nc6 18. Nxc6 Bxc6 19. Ba5 Bd5 20. a3 f5 21. h4 Kf7 22. Kf2 Ke7 23. Rfc1 Rfc8 24. h5 Rab8 25. Bb4 1/2-1/2

[Event "Bad Griesbach Seniors op 12th"]
[Site "Bad Griesbach"]
[Date "2009.12.02"]
[Round "4"]
[White "Johnsen, Gunnar"]
[Black "Fischer, Ernst"]
[Result "1-0"]
[WhiteElo "2310"]
[BlackElo "1925"]
[PlyCount "105"]
[EventDate "2009.11.29"]
[EventType "swiss"]
[EventRounds "7"]
[EventCountry "GER"]
[SourceTitle "EXT 2015"]
[Source "ChessBase"]
[SourceDate "2014.11.20"]
[SourceVersion "1"]
[SourceVersionDate "2014.11.20"]
[SourceQuality "1"]

1. Nf3 d5 2. c4 e6 3. d4 c5 4. cxd5 exd5 5. g3 Nc6 6. Bg2 Nf6 7. 0-0 h6 8. Nc3 Be6 9. b3 Be7 10. Bb2 0-0 11. dxc5 Bxc5 12. Na4 Be7 13. Rc1 Ne4 14. Nd4 Nxd4 15. Bxd4 Bf6 16. Nc3 Bxd4 17. Qxd4 Qf6 18. Qxf6 Nxf6 19. Rfd1 Rfd8 20. e3 Rd7 21. Nb5 a6 22. Nd4 Rad8 23. b4 Rd6 24. Rc7 Rb6 25. a3 Ne8 26. Rc5 Rbd6 27. Rdc1 Kf8 28. f3 R6d7 29. Bf1 Nd6 30. Bd3 Ke7 31. a4 f6 32. Rc7 Rxc7 33. Rxc7+ Rd7 34. Rc3 Rd8 35. Rc7+ Rd7 36. Rc5 Rd8 37. Kf2 Rc8 38. Rxc8 Bxc8 39. Ke1 Bd7 40. a5 Nf7 41. Kd2 Kd6 42. f4 Nd8 43. Kc3 Nc6 44. Nxc6 Bxc6 45. Kd4 Bd7 46. Bg6 Be6 47. f5 Bd7 48. g4 Kc6 49. Bf7 Kb5 50. Kc3 Bc6 51. Be6 d4+ 52. exd4 Bf3 53. d5 1-0

[Event "Bad Griesbach Seniors op 12th"]
[Site "Bad Griesbach"]
[Date "2009.11.30"]
[Round "2"]
[White "Mahrla, Hans"]
[Black "Fischer, Ernst"]
[Result "0-1"]
[WhiteElo "1653"]
[BlackElo "1925"]
[PlyCount "92"]
[EventDate "2009.11.29"]
[EventType "swiss"]
[EventRounds "7"]
[EventCountry "GER"]
[SourceTitle "EXT 2015"]
[Source "ChessBase"]
[SourceDate "2014.11.20"]
[SourceVersion "1"]
[SourceVersionDate "2014.11.20"]
[SourceQuality "1"]

1. e4 c5 2. Nf3 a6 3. c3 d5 4. exd5 Qxd5 5. d4 e6 6. Be2 cxd4 7. cxd4 Nf6 8. Nc3 Qd6 9. 0-0 Be7 10. h3 Nc6 11. Be3 0-0 12. a3 b5 13. b4 Rd8 14. Qc2 Bb7 15. Rfd1 Rac8 16. Rac1 h6 17. Qb3 Nb8 18. Ne5 Nbd7 19. Bf4 Qb6 20. Bf3 Nf8 21. Bxb7 Qxb7 22. Ne2 Qe4 23. Qf3 Qxf3 24. Nxf3 Ng6 25. Bc7 Re8 26. Bb6 Nd5 27. Bc5 f6 28. g3 Kf7 29. Bxe7 Kxe7 30. Rc5 Nb6 31. Nd2 Na4 32. Rxc8 Rxc8 33. Rc1 Rxc1+ 34. Nxc1 Kd6 35. Kf1 Kd5 36. Ne2 Nb6 37. f3 Nc4 38. Nb1 Ne3+ 39. Ke1 Nc2+ 40. Kd2 Nxd4 41. Nbc3+ Kc4 42. Nxd4 Kxd4 43. Ne4 Ne5 44. f4 Kxe4 45. fxe5 Kxe5 46. Ke3 f5 0-1

[Event "BL2-Sued 0910"]
[Site "Germany"]
[Date "2009.11.03"]
[Round "2.8"]
[White "Reefschlaeger, Helmut"]
[Black "Fischer, Ernst"]
[Result "1-0"]
[WhiteElo "2313"]
[BlackElo "2111"]
[PlyCount "91"]
[EventDate "2009.10.18"]
[EventType "team-tourn"]
[EventRounds "9"]
[EventCountry "GER"]
[SourceTitle "EXT 2011"]
[Source "ChessBase"]
[SourceDate "2010.11.26"]
[SourceVersion "1"]
[SourceVersionDate "2010.11.26"]
[SourceQuality "1"]
[WhiteTeam "Baden-Baden II"]
[BlackTeam "Krumbach"]
[WhiteTeamCountry "GER"]
[BlackTeamCountry "GER"]

1. d4 Nf6 2. Nf3 e6 3. c4 d5 4. g3 Be7 5. Bg2 0-0 6. 0-0 Nbd7 7. Qc2 c6 8. b3 b5 9. c5 a5 10. Bb2 Ne4 11. Nbd2 Nxd2 12. Nxd2 f5 13. f3 Bg5 14. e4 f4 15. Rfe1 Rf7 16. a3 Nf8 17. Re2 Qc7 18. e5 Ba6 19. b4 Ng6 20. Nb3 a4 21. Nc1 Raf8 22. Nd3 Ne7 23. Bc1 Nf5 24. Qb2 fxg3 25. Bxg5 gxh2+ 26. Kxh2 h6 27. Be3 Nxe3 28. Rxe3 Rf5 29. Rh1 Qf7 30. Qf2 Bc8 31. Kg1 Qg6 32. Rh3 Rg5 33. f4 Rg4 34. Reg3 Bd7 35. Rxg4 Qxg4 36. Qf3 Qg6 37. Rg3 Qf7 38. Qg4 Kh8 39. Qg6 Qe7 40. Bh3 Rg8 41. f5 Be8 42. Qxe6 Qh4 43. Kh2 Qe4 44. f6 Bg6 45. f7 Qe2+ 46. Rg2 1-0

[Event "Bayern-ch Seniors 21st"]
[Site "Bergen"]
[Date "2009.06.24"]
[Round "5"]
[White "Fischer, Gerd"]
[Black "Fischer, Ernst"]
[Result "1/2-1/2"]
[WhiteElo "2066"]
[BlackElo "1927"]
[PlyCount "41"]
[EventDate "2009.06.20"]
[EventType "swiss"]
[EventRounds "9"]
[EventCountry "GER"]
[SourceTitle "EXT 2015"]
[Source "ChessBase"]
[SourceDate "2014.11.20"]
[SourceVersion "1"]
[SourceVersionDate "2014.11.20"]
[SourceQuality "1"]

1. e4 c5 2. Nf3 a6 3. d4 cxd4 4. Nxd4 Nf6 5. Nc3 e5 6. Nf3 Bb4 7. Bc4 Qc7 8. Qd3 b5 9. Bd5 Nxd5 10. exd5 Bxc3+ 11. bxc3 d6 12. 0-0 Nd7 13. Ba3 0-0 14. Ng5 g6 15. Ne4 Nc5 16. Nxc5 dxc5 17. c4 Bf5 18. Qe2 f6 19. Rad1 b4 20. Bb2 Qa5 21. Ra1 1/2-1/2

[Event "Bayern-ch Seniors 21st"]
[Site "Bergen"]
[Date "2009.06.22"]
[Round "3"]
[White "Schmidt, Gerhard3333"]
[Black "Fischer, Ernst"]
[Result "1/2-1/2"]
[WhiteElo "2154"]
[BlackElo "1927"]
[PlyCount "56"]
[EventDate "2009.06.20"]
[EventType "swiss"]
[EventRounds "9"]
[EventCountry "GER"]
[SourceTitle "EXT 2015"]
[Source "ChessBase"]
[SourceDate "2014.11.20"]
[SourceVersion "1"]
[SourceVersionDate "2014.11.20"]
[SourceQuality "1"]

1. d4 d5 2. Nf3 c5 3. e3 e6 4. c4 Nc6 5. Nc3 Nf6 6. Bd3 dxc4 7. Bxc4 a6 8. a4 Be7 9. dxc5 Qxd1+ 10. Kxd1 Bxc5 11. Ke2 b6 12. Rd1 Bb7 13. Bd2 Rd8 14. Rac1 Ke7 15. Na2 Ne4 16. Be1 a5 17. Nc3 Nd6 18. Bb5 Nxb5 19. axb5 Nb8 20. Na4 Rxd1 21. Kxd1 Nd7 22. Nxc5 Nxc5 23. Bxa5 bxa5 24. Rxc5 Kd6 25. Rc2 Bxf3+ 26. gxf3 Rb8 27. Rc6+ Kd7 28. Rc5 Kd6 1/2-1/2

[Event "Krumbach blindfold sim"]
[Site "Krumbach"]
[Date "2009.06.06"]
[Round "?"]
[White "Lang, Marc"]
[Black "Fischer, Ernst"]
[Result "1/2-1/2"]
[WhiteElo "2316"]
[BlackElo "2111"]
[PlyCount "70"]
[EventDate "2009.06.06"]
[EventType "simul"]
[EventRounds "1"]
[EventCountry "GER"]
[SourceTitle "EXT 2012"]
[Source "ChessBase"]
[SourceDate "2011.11.24"]
[SourceVersion "1"]
[SourceVersionDate "2011.11.24"]
[SourceQuality "1"]

1. d4 g6 2. c4 Bg7 3. Nc3 d6 4. e4 Nf6 5. Nf3 0-0 6. Be2 Nbd7 7. 0-0 e5 8. Be3 Ng4 9. Bg5 f6 10. Bc1 a6 11. h3 Nh6 12. dxe5 Nxe5 13. Nxe5 fxe5 14. Be3 Be6 15. c5 dxc5 16. Bxc5 Rf7 17. Qc1 Rd7 18. Be3 Nf7 19. Na4 b6 20. b3 c5 21. Qc2 Qc7 22. Rfd1 Bf8 23. Rxd7 Bxd7 24. Nc3 Bc6 25. Bc4 b5 26. Bd5 Rc8 27. a4 b4 28. Bxc6 Qxc6 29. Nd5 a5 30. Rc1 Nd6 31. f3 c4 32. Nb6 Rc7 33. bxc4 Nb7 34. Nd5 Rc8 35. Qb2 Nc5 1/2-1/2

[Event "Bayern-ch Seniors 20th"]
[Site "Bergen"]
[Date "2008.06.10"]
[Round "4.8"]
[White "Fischer, Ernst"]
[Black "Reer, Erdmann"]
[Result "0-1"]
[WhiteElo "1932"]
[BlackElo "1925"]
[PlyCount "40"]
[EventDate "2008.06.07"]
[EventType "swiss"]
[EventRounds "9"]
[EventCountry "GER"]
[SourceTitle "EXT 2022"]
[Source "ChessBase"]
[SourceDate "2021.10.06"]
[SourceVersion "1"]
[SourceVersionDate "2021.10.06"]
[SourceQuality "1"]

1. d4 d5 2. Nf3 Nf6 3. e3 c6 4. c4 e6 5. Nbd2 Bd6 6. b3 Nbd7 7. Bb2 b6 8. Bd3 Bb7 9. 0-0 0-0 10. Ne5 c5 11. Rc1 cxd4 12. exd4 Rc8 13. Qe2 Qe7 14. Rc2 Rfe8 15. f4 Nf8 16. g4 g6 17. g5 Nh5 18. cxd5 Rxc2 19. Bxc2 Bxe5 20. dxe5 Qc5+ 0-1

[Event "Bayern-ch Seniors 20th"]
[Site "Bergen"]
[Date "2008.06.08"]
[Round "2.7"]
[White "Fischer, Ernst"]
[Black "Boldt, Heinrich"]
[Result "1-0"]
[WhiteElo "1932"]
[BlackElo "1791"]
[PlyCount "55"]
[EventDate "2008.06.07"]
[EventType "swiss"]
[EventRounds "9"]
[EventCountry "GER"]
[SourceTitle "EXT 2022"]
[Source "ChessBase"]
[SourceDate "2021.10.06"]
[SourceVersion "1"]
[SourceVersionDate "2021.10.06"]
[SourceQuality "1"]

1. d4 d5 2. Nf3 Nf6 3. c4 c6 4. e3 g6 5. Nbd2 Bg7 6. b3 0-0 7. Bd3 Bd7 8. Bb2 a5 9. 0-0 Na6 10. Re1 Re8 11. Ne5 Nc7 12. f4 Qc8 13. Nxd7 Qxd7 14. h3 e6 15. Qc2 b5 16. Nf3 bxc4 17. bxc4 Na6 18. a3 Rec8 19. Qa4 Nb8 20. Qc2 c5 21. dxc5 Rxc5 22. Bd4 Rc8 23. Ne5 Qc7 24. Qb2 Nbd7 25. Nxd7 Qxd7 26. Bxf6 dxc4 27. Bxg7 Qxd3 28. Rad1 1-0

[Event "Bad Woerishofen Seniors opA 23rd"]
[Site "Bad Woerishofen"]
[Date "2007.03.15"]
[Round "8"]
[White "Fischer, Ernst"]
[Black "Baum, Bernd"]
[Result "1/2-1/2"]
[WhiteElo "1955"]
[BlackElo "2191"]
[PlyCount "38"]
[EventDate "2007.03.08"]
[EventType "swiss"]
[EventRounds "9"]
[EventCountry "GER"]
[SourceTitle "EXT 2022"]
[Source "ChessBase"]
[SourceDate "2021.10.06"]
[SourceVersion "1"]
[SourceVersionDate "2021.10.06"]
[SourceQuality "1"]

1. d4 d5 2. Nf3 e6 3. e3 c5 4. c3 Nc6 5. Bd3 Nf6 6. Nbd2 Be7 7. 0-0 0-0 8. Qe2 Re8 9. dxc5 Bxc5 10. e4 e5 11. exd5 Nxd5 12. Ne4 Bf8 13. Rd1 Qc7 14. Bc2 Nb6 15. Neg5 h6 16. Bb3 Re7 17. Qe4 hxg5 18. Nxg5 g6 19. Qxg6+ Bg7 1/2-1/2

[Event "Landesliga Nord 0506"]
[Site "Bayern"]
[Date "2006.01.15"]
[Round "5.7"]
[White "Mueller, Christian2222"]
[Black "Fischer, Ernst"]
[Result "1/2-1/2"]
[WhiteElo "1998"]
[BlackElo "1919"]
[PlyCount "36"]
[EventDate "2005.10.23"]
[EventType "team"]
[EventRounds "9"]
[EventCountry "GER"]
[SourceTitle "EXT 2007"]
[Source "ChessBase"]
[SourceDate "2006.11.23"]
[SourceVersion "1"]
[SourceVersionDate "2006.11.23"]
[SourceQuality "1"]

1. d4 Nf6 2. c4 e6 3. Nf3 Bb4+ 4. Nc3 c5 5. g3 b6 6. Bg2 Bb7 7. 0-0 Bxc3 8. bxc3 d6 9. Bg5 Nbd7 10. Qc2 h6 11. Bf4 Qe7 12. Rfd1 d5 13. cxd5 Bxd5 14. Ne5 Bxg2 15. Nxd7 Nxd7 16. Kxg2 0-0 17. d5 exd5 18. Rxd5 Nf6 1/2-1/2

[Event "Landesliga Nord 0506"]
[Site "Bayern"]
[Date "2005.11.27"]
[Round "3.6"]
[White "Kreuzer, Helmut"]
[Black "Fischer, Ernst"]
[Result "1-0"]
[WhiteElo "2174"]
[BlackElo "1919"]
[PlyCount "87"]
[EventDate "2005.10.23"]
[EventType "team"]
[EventRounds "9"]
[EventCountry "GER"]
[SourceTitle "EXT 2007"]
[Source "ChessBase"]
[SourceDate "2006.11.23"]
[SourceVersion "1"]
[SourceVersionDate "2006.11.23"]
[SourceQuality "1"]

1. d4 Nf6 2. c4 e6 3. Nc3 Bb4 4. Qc2 0-0 5. Nf3 b6 6. Bg5 Bb7 7. e3 Bxc3+ 8. Qxc3 d6 9. Be2 Nbd7 10. 0-0 Ne4 11. Bxd8 Nxc3 12. bxc3 Raxd8 13. Nd2 e5 14. Bf3 Bxf3 15. Nxf3 e4 16. Nd2 Rde8 17. Rfe1 Re7 18. f3 exf3 19. gxf3 f5 20. Kf2 Rf6 21. Rg1 Rh6 22. Nf1 Rf6 23. Rb1 g6 24. Rb5 Kf8 25. a4 a5 26. Rb1 Rg7 27. Nd2 g5 28. Rg2 g4 29. Rbg1 h5 30. h3 Re7 31. Nf1 Ref7 32. Ke2 gxh3 33. Rg5 Rh6 34. Ng3 h2 35. Rh1 f4 36. Nf5 Rh8 37. e4 Rfh7 38. Rxh2 Nf6 39. Nh4 Rg8 40. Rf5 Ke7 41. Rxf4 Rg1 42. Rg2 Ra1 43. Kd3 Rxa4 44. Ng6+ 1-0

[Event "Bad Woerishofen Seniors op 21st"]
[Site "Bad Woerishofen"]
[Date "2005.03.11"]
[Round "9"]
[White "Fischer, Ernst"]
[Black "Schuler, Georg"]
[Result "1-0"]
[WhiteElo "1940"]
[BlackElo "1885"]
[PlyCount "79"]
[EventDate "2005.03.03"]
[EventType "swiss"]
[EventRounds "9"]
[EventCountry "GER"]
[SourceTitle "EXT 2006"]
[Source "ChessBase"]
[SourceDate "2005.11.24"]
[SourceVersion "1"]
[SourceVersionDate "2005.11.24"]
[SourceQuality "1"]

1. d4 Nf6 2. Nf3 d5 3. Bg5 e6 4. Nbd2 Be7 5. e3 0-0 6. Bd3 c5 7. c3 b6 8. Ne5 Bb7 9. Bxf6 Bxf6 10. f4 g6 11. Qg4 Bg7 12. h4 f5 13. Qg3 Bxe5 14. fxe5 Nc6 15. Nf3 Qe8 16. Bb5 a6 17. Bxc6 Bxc6 18. h5 Ra7 19. hxg6 Qxg6 20. Qxg6+ hxg6 21. Ke2 Bb5+ 22. Kd2 f4 23. Rh6 fxe3+ 24. Kxe3 Rf5 25. Rxg6+ Rg7 26. Rxg7+ Kxg7 27. Rh1 Ba4 28. g4 Rf8 29. Ng5 Re8 30. b3 cxd4+ 31. cxd4 Bc6 32. Rc1 Ba8 33. Rc7+ Kg6 34. Nh3 b5 35. b4 a5 36. bxa5 b4 37. a6 Rb8 38. a7 Rb7 39. Rxb7 Bxb7 40. Kf4 1-0